Noah's ark. (Record no. 111629)
[ view plain ]
| 000 -LEADER | |
|---|---|
| fixed length control field | 00394nam a2200157 a 4500 |
| 001 - CONTROL NUMBER | |
| control field | 3101 |
| 005 - DATE AND TIME OF LATEST TRANSACTION | |
| control field | 20140414131918.0 |
| 008 - FIXED-LENGTH DATA ELEMENTS--GENERAL INFORMATION | |
| fixed length control field | 060201s19uu xx 00 eng d |
| 050 ## - LIBRARY OF CONGRESS CALL NUMBER | |
| Classification number | ER |
| Item number | N66 1998 |
| 100 ## - MAIN ENTRY--PERSONAL NAME | |
| Personal name | Brill, MarleneTarg |
| 245 ## - TITLE STATEMENT | |
| Title | Noah's ark. |
| 260 ## - PUBLICATION, DISTRIBUTION, ETC. (IMPRINT) | |
| Place of publication, distribution, etc | Illinois : |
| Name of publisher, distributor, etc | Publications International, |
| Date of publication, distribution, etc | 1998. |
| 300 ## - PHYSICAL DESCRIPTION | |
| Extent | 1 v. p. ; cm. |
| 650 ## - SUBJECT ADDED ENTRY--TOPICAL TERM | |
| Topical term or geographic name as entry element | Bible stories. |
| Withdrawn status | Lost status | Damaged status | Use restrictions | Home library | Current library | Shelving location | Date acquired | Source of acquisition | Cost, normal purchase price | Total Checkouts | Full call number | Barcode | Date last seen | Price effective from | Koha item type |
|---|---|---|---|---|---|---|---|---|---|---|---|---|---|---|---|
| Munich Library | Munich Library | Easy Reading Section | 02/01/2006 | 84.00 | ER N66 1998 | M2442 | 04/14/2014 | 04/14/2014 | Books |